| Поле | Название | Значение |
| |
Тип записи |
a |
| |
Библиографический уровень |
m |
| 001 |
Контрольный номер |
cc85312671c64bb9ae7b7969465414cd |
| 005 |
Дата корректировки |
20250521162110.1 |
| 010 |
Индекс ISBN |
__ |
| a |
ISBN |
978-5-222-42627-2 |
| 100 |
Данные общей обработки |
__ |
| a |
Данные общей обработки |
20250418d 0rusy0189## ca |
| 101 |
Язык документа |
0_ |
| a |
Язык текста |
rus |
| 102 |
Страна публикации |
__ |
| a |
Страна публикации |
RU |
| 200 |
Заглавие и сведения об ответственности |
1_ |
| a |
Заглавие |
Старуха Изергиль |
| e |
Сведения, относящиеся к заглавию |
рассказы |
| f |
Первые сведения об ответственности |
Максим Горький |
| 210 |
Выходные данные |
1_ |
| a |
Место издания |
Ростов-на-Дону |
| c |
Издательство |
Феникс |
| d |
Дата издания |
2024 |
| 215 |
Физическое описание |
__ |
| a |
Объем |
125, [3] с. |
| 225 |
Серия |
2_ |
| a |
Серия |
Школьная программа по чтению |
| 300 |
Общие примечания |
__ |
| a |
Общие примечания |
Содерж.: Старуха Изергиль ; Макар Чудра ; Челкаш |
| 300 |
Общие примечания |
__ |
| a |
Общие примечания |
Без сокращений |
| 333 |
Примечание о целевом назначении |
__ |
| a |
Примечание о целевом назначении |
6+ |
| 606 |
Тематические рубрики |
0_ |
| a |
Основная рубрика |
Русская детская литература, 19 в. |
| 610 |
Ключевые слова |
0_ |
| a |
Ключевые слова |
сборники рассказов; рассказы русских писателей; легенды; смысл жизни (х. л.); бессмертие (х. л.); дореволюционная Россия (х. л.); цыгане (х. л.); любовь (х. л.); произведения школьной программы; старуха Изергиль (литературный персонаж) |
| 686 |
Индексы других классификаций |
__ |
| a |
Классификационный индекс |
Р2 |
| 700 |
Автор |
_1 |
| a |
Фамилия |
Горький |
| b |
Имя (инициалы) |
М. |
| g |
Полное личное имя |
Максим |
| 801 |
Источник записи |
_0 |
| a |
Страна |
RU |
| b |
Организация |
УОБДЮ |
| c |
Дата составления |
20250418 |
| g |
Правила каталогизации |
RCR |
| 801 |
Источник записи |
_1 |
| a |
Страна |
RU |
| b |
Организация |
УОБДЮ |
| c |
Дата составления |
20250418 |
| g |
Правила каталогизации |
RCR |
| 830 |
Общее примечание каталогизатора |
__ |
| a |
Текст примечания |
Д |
| 852 |
Данные о местонахождении |
__ |
| i |
Авторский знак |
Г 71 |
| j |
Шифр хранения |
Р2 |
| 900 |
Электронные ресурсы |
__ |
| a |
Имя электронного ресурса |
590803 |
| 901 |
Тип документа |
__ |
| t |
Тип документа |
m |
| 902 |
Оглавление книги |
__ |
| a |
Оглавление книги, выполненное каталогизатором |
Макар Чудра |
| a |
Оглавление книги, выполненное каталогизатором |
Челкаш |
| 905 |
Данные по созданию БЗ |
__ |
| b |
Логин пользователя, который создал БЗ |
imm |
| b |
Логин пользователя, который создал БЗ |
o8 |
| a |
Дата создания БЗ |
202505 |
| 909 |
Создатель записи |
__ |
| b |
Дата создания записи |
20250418 |